Bytový dom

Na minha lista:
Detalhes bibliográficos
Autor principal: Režný, Jozef, 1986- (Author)
Outros Autores: Zajac, Jozef, 1960- (Thesis advisor)
Formato: Manuscrito Livro
Idioma:eslovaco
Publicado em: Bratislava : STU v Bratislave SvF, 2010
Assuntos:
Acesso em linha:VAIS
Tags: Adicionar Tag
Sem tags, seja o primeiro a adicionar uma tag!

MARC

LEADER 00000ntm a22000003a 4500
001 stu221142
005 20150617230108.4
008 110212s2010----xo------------------slo-d
040 |a STU  |b slo 
041 0 |a slo 
044 |a xo 
100 1 |a Režný, Jozef,  |d 1986-  |4 aut  |u V180  |U SvF Stavebná fakulta  |T SvF Katedra konštrukcií pozemných stavieb  |X 39023  |U V180  |Y 18  |7 A000039023 
242 0 0 |a Town-house  |y eng 
245 1 |a Bytový dom 
260 |a Bratislava :  |b STU v Bratislave SvF,  |c 2010 
650 7 |a pozemné stavby a architektúra  |2 stusub 
650 7 |a Building Structures and Architecture  |2 estusub 
650 7 |a house  |2 estusub 
650 7 |a design  |2 estusub 
650 7 |a zeleň  |2 stusub 
650 7 |a fasáda  |2 stusub 
700 1 |a Zajac, Jozef,  |d 1960-  |4 ths  |X 5471  |7 A000005471 
856 4 |a info a plný text  |u http://is.stuba.sk/zp/portal_zp.pl?podrobnosti=39864  |3 VAIS